| 000 | 00537nam a2200181Ia 4500 | ||
|---|---|---|---|
| 008 | 090124s9999 xx 000 0 und d | ||
| 082 | _b116381 | ||
| 100 | _aसंत वि.द. | ||
| 245 | _a काजव्याच्या ज्योती | ||
| 250 | _a1 | ||
| 260 | _c1969 | ||
| 300 | _a157 | ||
| 600 | _aसंत वि.द. | ||
| 630 | _a काजव्याच्या ज्योती | ||
| 700 | _aसंत वि.द. | ||
| 730 | _a काजव्याच्या ज्योती | ||
| 942 | _cBOOK | ||
| 999 |
_c162472 _d162472 |
||